000
00288nam a2200121Ia 4500
005
20251222155055.0
008
251222s9999||||xx |||||||||||||| ||spa||
082
_a
MAN. 04
100
_a
Ministerio Salud.
245
0
_a
Dias Nacionales de Vacunación
264
_b
No tiene
942
_c
LIB
999
_c
37455
_d
37455